000 00645nam a2200241Ia 4500
003 OSt
005 20221007071300.0
006 a|||||r|||| 00| 0
007 ta
008 221006b |||||||| |||| 00| 0 eng d
024 _a24,384
037 _cReference Collections
040 _aFLL
_cFLL
_beng
041 _2eng
_aeng
082 _aZ3:27, K5;L0
100 _aMartin J. N.
_9688446
245 0 _aLicensing Acts
250 _a78th
260 _aLondon
_bButterworth & Co. Pvt. Ltd. UK
_c1970
300 _alxxii,246p
_ccm.
942 _hZ3:27, K5;L0
_cREF
_2CC
999 _c1142944
_d1142944